Normal view
MARC view
Entry Personal Name
001 - CONTROL NUMBER
- control field: 8366
003 - CONTROL NUMBER IDENTIFIER
- control field: OSt
005 - DATE AND TIME OF LATEST TRANSACTION
- control field: 20211028145634.0
008 - FIXED-LENGTH DATA ELEMENTS
- fixed length control field: 211028|| aca||aabn | a|a d
040 ## - CATALOGING SOURCE
- Original cataloging agency: OSt
- Transcribing agency: OSt
100 ## - HEADING--PERSONAL NAME
- Personal name: Jacob, Nisha Suzanne; Prabhu, Aravind.
- Miscellaneous information: 1019211
670 ## - SOURCE DATA FOUND
- Source citation: Work cat.: (OSt): Jacob, Nisha Suzanne; Prabhu, Aravind. 1019211, ERP solution for ayurvedic medicine manufacturing unit: production management system., 2012